| 000 | 00705cam a22002173a 4500 | ||
|---|---|---|---|
| 001 | 45473 | ||
| 003 | PGUSA | ||
| 005 | 20140828084042.0 | ||
| 008 | 140424s2014||||xxu|||||s|||||000 | eng d | ||
| 040 |
_aPGUSA _beng |
||
| 042 | _adc | ||
| 100 | 1 |
_aSumner, Charles, _d1811-1874 |
|
| 245 | 1 | 0 |
_aCharles Sumner; his complete works; Volume 2 (of 20) : _bWith an introduction by Hon. George Frisbie Hoar _h[electronic resource] / _cCharles Sumner |
| 260 |
_bProject Gutenberg, _c2014 |
||
| 506 | _aPublic domain in the USA. | ||
| 516 | _aElectronic text | ||
| 700 | 1 |
_aHoar, George Frisbie, _d1826-1904 |
|
| 830 | 0 |
_aProject Gutenberg _v45473 |
|
| 856 | 4 | 0 | _uhttp://www.gutenberg.org/ebooks/45473 |
| 942 | _cEB | ||
| 999 |
_c274724 _d274724 |
||